| 000 | 00529nam a2200193Ia 4500 | ||
|---|---|---|---|
| 003 | OSt | ||
| 005 | 20260127124307.0 | ||
| 008 | 250729s2007 xx 000 0 und d | ||
| 040 | _cAL | ||
| 041 | _akan | ||
| 082 | _a894.5 KAVD | ||
| 100 |
_aಕವಿತಾಕೃಷ್ಣ _9227937 |
||
| 245 | _aಡಿ ವಿ ಜಿ ಯವರ ಮಂಕುತಿಮ್ಮನ ಕಗ್ಗ | ||
| 260 |
_aಮೈಸೂರು _c2007 |
||
| 300 | _a336p | ||
| 650 |
_aKannada _9227938 |
||
| 700 |
_aಕವo Digumurthi _9227939 |
||
| 942 |
_2ddc _cBED |
||
| 999 |
_c237826 _d237826 |
||